000 01051nam a2200301 i 4500
001 000013416
003 DO-SdBNP
005 20250807150925.0
007 ta
008 091124s1981 dr ac 001 p spa d
040 _aDO-SdBNP
_bspa
_cBNPHU
_erda
041 _aspa
082 4 _aRD861.44
_bB483m
_222
100 _aBeras Goico, Freddy,
_d1940-2010
_eautor
_4aut.
_912228
245 1 3 _aLo mejor de la mulatona /
_cFreddy Beras Goico ; prólogo, Ramón Alberto Ferreras
264 1 _aSanto Domingo de Guzmán, República Dominicana :
_bEditorial del Nordeste,
_c1981.
300 _avolumen :
_bilustraciones, retratos ;
_c19 cm.
336 _atexto
_btxt
_2rdacontent
337 _asin mediación
_bn
_2rdamedia
338 _avolumen
_bnc
_2rdacarrier
500 _aLa biblioteca posee el v. 1
590 _aInventariado, 2018/LP
650 4 _aPoesía dominicana
_966
650 4 _aLiteratura dominicana.
_967
700 _aFerreras, Ramón Alberto,
_eprologuista
_4pr.
_911298
910 _aValidado. Control de calidad MMOLINA
942 _2ddc
_cLBS1
999 _c13042
_d13042